Normal view
MARC view
Entry Topical Term
001 - CONTROL NUMBER
- control field: 73
003 - CONTROL NUMBER IDENTIFIER
- control field: ARRUPE
005 - DATE AND TIME OF LATEST TRANSACTION
- control field: 20130911135044.0
008 - FIXED-LENGTH DATA ELEMENTS
- fixed length control field: 130911|| aca||aabn | a|a d
040 ## - CATALOGING SOURCE
- Original cataloging agency: ARRUPE
- Transcribing agency: ARRUPE
150 ## - HEADING--TOPICAL TERM
- Topical term or geographic name as entry element: Neoliberalism
- General subdivision: Research
- Geographic subdivision: Uganda
670 ## - SOURCE DATA FOUND
- Source citation: Work cat.: (ARRUPE)0: Mamdani, Mahmood, 1946- 69, Scholars in the marketplace :, c2007.